00546nam a2200145 a 450000100100000000500170001000800410002704000250006811000690009324500330016226000630019530000200025895201050027899900170038300003978720201002033731.0130719s1996 dr ab 000 0 spa d aDO-SdBNPbspacBNPHU1 aRepública DominicanabSecretaría de Estado de Turismo93202610aTurismo en cifras 1980-1986. aSanto Domingo :bSecretaría de Estado de Turismo,c1996. a64 p. ;c29 cm. 0010718PDaPDbPDcCTd2013-07-19iLF1l0o p39787-10r2020-06-25w2020-06-25yLFPDZNo se presta c39277d39277